000 00437nam a2200181Ia 4500
008 090124s9999 xx 000 0 und d
082 _b46775
100 _aकिनरे जयंत
245 _a आर्त
250 _a1
260 _c2007
300 _a218
600 _aकिनरे जयंत
630 _a आर्त
700 _aकिनरे जयंत
730 _a आर्त
942 _cBOOK
999 _c113002
_d113002